| 000 | 00701nam a22002292 4500 | ||
|---|---|---|---|
| 001 | 0000000678 | ||
| 005 | 20151217161127.0 | ||
| 008 | 070215s xx 000 0 eng d | ||
| 020 |
_a0310337100 : _cKES 2,450 |
||
| 040 |
_aKABU _cKABU |
||
| 050 | 0 |
_aBS432 _b.N3 1969 |
|
| 100 | 1 |
_aNave, Orville James. _@0000148970 |
|
| 245 | 1 | 0 |
_aNave's topical Bible / _cOrville J. Nave. |
| 250 | _arevised and enlarged. | ||
| 260 |
_aGrand Rapids, MI : _bZondervan, _cc1969. |
||
| 300 | _a1114 p. | ||
| 650 | 0 |
_aBible _vIndexes. _@0000148969 |
|
| 908 | _a070215 | ||
| 950 | _@1 | ||
| 999 |
_c14845 _d14845 |
||